000
00299nam a22001337a 4500
008
181122b xxu||||| |||| 00| 0 eng d
020
_a
9780072499995
041
_a
eng
080
_a
710
100
_a
45
101
_a
ART
245
_a
The Art Of Critical Redaing
_c
Mather,M
942
_2
udc
_c
BK
999
_c
52326
_d
52326